000
00307 a2200109 4500
001
ART_30515
005
20260410162003.0
008
260409a
245
1
0
_a
La crisis del Estado nacional
100
1
_a
Padilla, Miguel M.
773
0
_t
Foro polĂtico
_g
- Vol. XXIII (ago. 1998)
_w
REV30389
999
_c
31487
_d
31487